ProfScam :professors and the demise of higher education / (Record no. 2908)

000 -LEADER
fixed length control field 00968pam a2200277 a 4500
001 - CONTROL NUMBER
control field 1981212
003 - CONTROL NUMBER IDENTIFIER
control field OSt
005 - DATE AND TIME OF LATEST TRANSACTION
control field 20160823163559.0
008 - FIXED-LENGTH DATA ELEMENTS--GENERAL INFORMATION
fixed length control field 890830s1988 nyu b 001 0 eng
010 ## - LIBRARY OF CONGRESS CONTROL NUMBER
LC control number 89027129
020 ## - INTERNATIONAL STANDARD BOOK NUMBER
International Standard Book Number 0312039166 :
Terms of availability $9.95
040 ## - CATALOGING SOURCE
Original cataloging agency DLC
Transcribing agency DLC
Modifying agency DLC
043 ## - GEOGRAPHIC AREA CODE
Geographic area code n-us---
050 00 - LIBRARY OF CONGRESS CALL NUMBER
Classification number LB1778.S94 1988
082 00 - DEWEY DECIMAL CLASSIFICATION NUMBER
Classification number 378.1/25/0973
Edition number 20
100 1# - MAIN ENTRY--PERSONAL NAME
Personal name Sykes, Charles J.,
Dates associated with a name 1954-
245 10 - TITLE STATEMENT
Title ProfScam :professors and the demise of higher education /
Statement of responsibility, etc Charles J. Sykes.
260 ## - PUBLICATION, DISTRIBUTION, ETC. (IMPRINT)
Place of publication, distribution, etc New York :
Name of publisher, distributor, etc St. Martin's Press,
Date of publication, distribution, etc c1988.
300 ## - PHYSICAL DESCRIPTION
Extent x, 304 p. ;
Dimensions 21 cm.
504 ## - BIBLIOGRAPHY, ETC. NOTE
Bibliography, etc Includes bibliographical references (p. 265-292) and index.
650 #0 - SUBJECT ADDED ENTRY--TOPICAL TERM
Topical term or geographic name as entry element College teachers
Geographic subdivision United States.
650 #0 - SUBJECT ADDED ENTRY--TOPICAL TERM
Topical term or geographic name as entry element Education, Higher
Geographic subdivision United States.
906 ## - LOCAL DATA ELEMENT F, LDF (RLIN)
a 7
b cbc
c orignew
d 1
e ocip
f 19
g y-gencatlg
942 ## - ADDED ENTRY ELEMENTS (KOHA)
Source of classification or shelving scheme
Koha item type Book
Holdings
Withdrawn status Lost status Source of classification or shelving scheme Damaged status Not for loan Home library Current library Shelving location Date acquired Total Checkouts Full call number Barcode Date last seen Copy number Price effective from Koha item type
          Riara University Library Riara University Library General stack 23/08/2016   LB1778.S94 1988 7205/16 23/08/2016 C.1 23/08/2016 Book

Riara University Library,
P.O. Box 49940-00100,
Nairobi, Kenya.